| 000 | 00948nam a22003017a 4500 | ||
|---|---|---|---|
| 001 | 0011821 | ||
| 003 | DO-SdBNP | ||
| 005 | 20180209114045.0 | ||
| 007 | 0011821 | ||
| 008 | 161124b 1996 sp||||| |||| 00| 0 spa d | ||
| 020 | _a9788434808850 | ||
| 040 |
_aBPMSU _bspa _cBPMSU |
||
| 100 | 1 | _aSautereau, François | |
| 240 | 1 | 0 |
_aUn trou dans le grillage. _lEspañol |
| 245 | 1 | 0 |
_aUn agujero en la alambrada / _cFrançois Sautereau ; traducción del francés Belén Lacasa ; ilustraciones, Mario Rabassi. |
| 250 | _a18a ed. | ||
| 260 |
_aMadrid : _bSM, _c1996. |
||
| 300 |
_a202 p. : _bil. ; _c19 cm |
||
| 490 | 1 |
_aEl barco de vapor ; _v6 |
|
| 586 | _a"Premio futurible 1979." | ||
| 700 | 1 | 2 |
_aLacasa, Belén, _etr. |
| 700 | 1 | 2 |
_aRabassi, Mario, _eil. |
| 830 | 0 |
_aEl barco de vapor ; _n6 |
|
| 942 |
_2ddc _cBK |
||
| 945 | _aInventariado, 2018 /LP | ||
| 956 |
_aLOPEREZ _b10 _c20160718 _hBPMSU |
||
| 956 |
_aBTAVÁREZ _210 _320161124 _60011821 |
||
| 999 |
_c12058 _d12058 |
||